Alfabet wojskowy NATO według zdjęcia - Statystyki

Ogólne statystyki
  • Ten quiz został rozwiązany 14 razy
  • Średni wynik to 15 z 26
Statystyki odpowiedzi
Obrazkowy Hint Odpowiedź % Poprawnych
Golf
100%
W greckim alfabecie Alfa
91%
Jego imię Mike
91%
Hotel
82%
Po angielsku India
82%
Kilo
82%
Oscar
82%
Napój alkoholowy z którego jest to zrobione Whisky
82%
Po angielsku November
73%
Romeo
73%
Jego nazwisko Bravo
64%
Tango
64%
Xray
55%
Delta
45%
Echo
45%
Jego imię Charlie
36%
Papa
36%
Quebec
36%
Pierwsze słowo Sierra
36%
Po angielsku Uniform
36%
Jego imię Victor
36%
Yankee
36%
Zulu
36%
Foxtrot
27%
Po angielsku Juliett
27%
Llima
0%
Nie znaleziono quizów pasujących do podanych kryteriów
Rozkład punktacji
Procent ludzi z każdym wynikiem
Percentyl według liczby udzielonych odpowiedzi
Twoja historia wyników
Nie rozwiązałeś tego quizu